Представление документа в формате RUSMARC

ПолеНазваниеЗначение
  Тип записи a
  Библиографический уровень m
001 Контрольный номер LIBNET\0001543348
005 Дата корректировки 20260625155442.6
010 Индекс ISBN __
a ISBN 978-5-4461-4446-4
9 Тираж 1500 экз.
b Уточнения в пер.
100 Данные общей обработки __
a Данные общей обработки 20260520d2026 u y0rusy0189 ca
101 Язык документа 0_
a Язык текста rus
102 Страна публикации __
a Страна публикации RU
105 Кодированные данные (монография) __
a Кодированные данные (монография) y z 000yy
200 Заглавие и сведения об ответственности 1_
a Заглавие Удаленка. Как уйти в онлайн
e Сведения, относящиеся к заглавию рискнуть, попробовать, остаться
f Первые сведения об ответственности Александра Жабянская
203 Вид содержания и тип средства __
a Вид содержания Текст
b Характеристика содержания визуальный
c Тип средства непосредственный
210 Выходные данные 1_
a Место издания Санкт-Петербург [и др.]
c Издательство Питер
d Дата издания 2026
215 Физическое описание __
a Объем 220, [1] с.
c Иллюстрации/тип воспроизводства ил., табл.
d Формат 24 см
225 Серия 1_
a Серия Бизнес-психология
320 Библиография __
a Библиография Библиогр. в подстроч. примеч.
517 Другие варианты заглавия 1_
a Другие варианты заглавия Как уйти в онлайн
606 Тематические рубрики 1_
a Основная рубрика Электронный бизнес
606 Тематические рубрики 0_
a Основная рубрика Психология бизнеса
610 Ключевые слова 0_
a Ключевые слова электронный бизнес; психология бизнеса; дистанционная занятость; удаленная работа; фриланс; онлайн-заработок; заработок в интернете; дистанционные продажи
686 Индексы других классификаций __
a Классификационный индекс 65.240с51
2 Код системы rubbk
686 Индексы других классификаций __
a Классификационный индекс 88.591
2 Код системы rubbk
700 Автор _1
a Фамилия Жабянская
b Имя (инициалы) А.
g Полное личное имя Александра
801 Источник записи _0
a Страна RU
b Организация Ставропольская ГКУНБ
c Дата составления 20260416
g Правила каталогизации RCR
801 Источник записи _1
a Страна RU
b Организация Ставропольская ГКУНБ
c Дата составления 20260416
2 Код формата rusmarc
801 Источник записи _2
a Страна RU
b Организация Ульяновская ОНБ
c Дата составления 20260520
g Правила каталогизации RCR
900 Электронные ресурсы __
a Имя электронного ресурса много20260170
900 Электронные ресурсы __
a Имя электронного ресурса много20260171
901 Тип документа __
t Тип документа m
909 Создатель записи __
a Создатель записи Макушик
b Дата создания записи 20260520
910 Корректоры записи __
a Корректор записи Пряхина
b Дата внесения изменения в запись 20260625